| 000 | 00378cam a2200157ua 4500 | ||
|---|---|---|---|
| 003 | OSt | ||
| 008 | 250823b |||||||| |||| 00| 0 eng d | ||
| 041 | _aeng | ||
| 082 |
_a628.1 _bPAR/CO |
||
| 100 |
_aParker, Philip Marley A _97765 |
||
| 245 | _aControl of water / | ||
| 250 | _a2 / | ||
| 260 |
_a : _bRoutledge & Kegan Paul Ltd , _c1949. |
||
| 300 | _a1055 ; . | ||
| 942 | _cBK | ||
| 999 |
_c1586 _d1586 |
||